Statistics for north america country quiz

Click here to take the quiz!

General Stats

  • This quiz has been taken 13 times
  • The average score is 22 of 23

Answers on the Map

Answers color-coded by a green-red scale on the quiz's map according to % correct below.
 

Answer Stats

Answer% Correct
Bahamas
100%
Barbados
100%
Canada
100%
El Salvador
100%
Guatemala
100%
Haiti
100%
Jamaica
100%
Mexico
100%
Nicaragua
100%
United States
100%
Antigua and Barbuda
92%
Belize
92%
Costa Rica
92%
Dominica
92%
Dominican Republic
92%
Honduras
92%
Panama
92%
St. Kitts and Nevis
92%
Trinidad and Tobago
92%
Cuba
85%
Grenada
85%
St. Lucia
85%
St. Vincent and The Grenadines
85%

Score Distribution

Percentile by Number Answered

Percent of People with Each Score

Your Score History

You have not taken this quiz